| 000 | 00407nam a2200121 a 4500 | ||
|---|---|---|---|
| 008 | 120416s9999 xx |||||||||||||| || u | ||
| 050 | _aTD 892 Lip | ||
| 100 | _aLipscomb, David M | ||
| 245 | 1 | 0 | _aNoise |
| 246 | _athe unwanted sounds | ||
| 350 | _a0.00 | ||
| 995 |
_D0.00 _FCBU-MAIN LIBRARY (Kitwe) _H1 _I15.00 _UAVAILABLE _ZMain Library Open Access Collection |
||
| 999 |
_c52306 _d52306 |
||